000 00405nam a22001577a 4500
999 _c205411
_d205411
005 20201119085014.0
008 201119b ||||| |||| 00| 0 eng d
040 _clc
050 _aPR 9369 SCO 2009
245 _aLook again/
_cLisa Scittoline
260 _aNew York:
_bSt. Martin Press,
_c2009
300 _a404 pages
650 _aKidnapping
_vFiction
650 _a Suspense fiction
942 _cBOOK